000 00545nam a22001695i 4500
001 166931
003 ES-MaACL
005 20230906213429.0
008 990202s1885 sp |||| | spa d
040 _aCCPB | B
_bspa
_cCCPB | B
100 1 _aValle y Serrano, Antonio María del.
_9112822
245 1 0 _aSonetos /
_cpor Antonio María del Valle y Serrano.
260 _aMadrid :
_b[s.n.],
_c1885 (
_fImprenta y fundición de Manuel Tello)
300 _a[2], 132 p. ;
_c22 cm.
597 1 _aAntep.
852 _aES-MaACL
_jG-12276
_z-- Enc. hol.
999 _c166931
_d166931